| 000 | 00538nam a2200169 a 4500 | ||
|---|---|---|---|
| 001 | 1115 | ||
| 003 | CDMR | ||
| 005 | 20131028172603.0 | ||
| 008 | 130130s1982||||||||||||||||||||||||||||d | ||
| 020 | _a8429718923 | ||
| 040 |
_aCDMR _bcat _cCDMR |
||
| 100 | 1 |
_aImbert, Gérard _9880 |
|
| 245 | 1 | 0 |
_aElena Francis, un consultorio para la transición _b: contribución al estudio de los simulacros de masas _cGérard Imbert |
| 260 |
_aBarcelona _c1982 _bPenínsula |
||
| 490 | 0 |
_aTemas de Historia y Políticas Contemporáneas _v16 |
|
| 942 |
_cMON _2udc |
||
| 999 |
_c1115 _d1115 |
||